Top 15 Countries with Covid-19 Deaths - 6 October 2021 - Statistics

General Stats
  • This quiz has been taken 36 times
  • The average score is 14 of 25
Answer Stats
country % Correct
United States
100%
India
94%
United Kingdom
94%
Italy
91%
Brazil
89%
Mexico
89%
Russia
89%
France
86%
Germany
83%
Indonesia
66%
Argentina
63%
Colombia
57%
Iran
54%
South Africa
51%
Peru
49%
Belgium
34%
Czechia
29%
Hungary
26%
Paraguay
26%
Bosnia and Herzegovina
23%
Bulgaria
20%
Slovakia
17%
Slovenia
14%
Georgia
11%
North Macedonia
9%
No matching quizzes found
Score Distribution
Percent of People with Each Score
Percentile by Number Answered
Your Score History
You have not taken this quiz